Aportación de la familia de los Yarza a la arquitectura y urbanismo de Aragón / (Record no. 134757)

MARC details
000 -LEADER
campo de control de longitud fija 00903nam a2200217 i 4500
001 - NÚMERO DE CONTROL
campo de control 134757
003 - IDENTIFICADOR DE NÚMERO DE CONTROL
campo de control ES-MaACL
005 - FECHA Y HORA DE LA ÚLTIMA TRANSACCIÓN
campo de control 20230906194735.0
007 - CAMPO FIJO DE DESCRIPCIÓN FÍSICA--INFORMACIÓN GENERAL
campo de control de longitud fija t|
008 - DATOS DE LONGITUD FIJA--INFORMACIÓN GENERAL
campo de control de longitud fija 070913s1948 sp ||||1| spa d
080 ## - NÚMERO DE LA CLASIFICACIÓN DECIMAL UNIVERSAL
Número de la Clasificación Decimal Universal 72(460.22)(09)(042)
100 1# - ENTRADA PRINCIPAL--NOMBRE DE PERSONA
Nombre de persona Yarza García, José de.
9 (RLIN) 117585
245 10 - MENCIÓN DEL TÍTULO
Título Aportación de la familia de los Yarza a la arquitectura y urbanismo de Aragón /
Mención de responsabilidad, etc. discurso de ingreso por... D. José de Yarza García ; contestación por... D. Miguel Ángel Navarro Pérez.
260 ## - PUBLICACIÓN, DISTRIBUCIÓN, ETC.
Lugar de publicación, distribución, etc. Zaragoza :
Nombre del editor, distribuidor, etc. [s.n.],
Fecha de publicación, distribución, etc. 1948 (
Fabricante Imp. Octavio y Félez)
300 ## - DESCRIPCIÓN FÍSICA
Extensión 49 p., 28 h. de lám. ;
Dimensiones 24 cm.
594 ## - Nota al título y mención de responsabilidad
Nota al título y mención de responsabilidad Precede al tít.: Real Academia de Nobles y Bellas Artes de San Luis.
650 #4 - PUNTO DE ACCESO ADICIONAL DE MATERIA--TÉRMINO DE MATERIA
Término de materia o nombre geográfico como elemento de entrada Arquitectura-
Subdivisión geográfica Aragón.
9 (RLIN) 174568
700 1# - ENTRADA AGREGADA--NOMBRE PERSONAL
Nombre de persona Navarro Pérez, Miguel Angel.
9 (RLIN) 85161
710 2# - ENTRADA AGREGADA--NOMBRE DE ENTIDAD CORPORATIVA
Nombre de entidad corporativa o nombre de jurisdicción como elemento de entrada Real Academia de Nobles y Bellas Artes de San Luis.
9 (RLIN) 6333
852 4# - LOCALIZACIÓN
Ubicación ES-MaACL
Número de control de estantería 1889-F-4
Holdings
Estatus retirado Estado de pérdida Estado de daño No para préstamo Colección Biblioteca de origen Biblioteca actual Ubicación en estantería Fecha de adquisición Fuente de adquisición Total de préstamos Signatura topográfica completa Código de barras Visto por última vez Precio de reemplazo Tipo de ítem Koha
        Colección de folletos Biblioteca del Ateneo de Madrid Biblioteca del Ateneo de Madrid Depósito folletos 17/01/2008     1889-F-4 1140266 23/02/2023 23/02/2023 Folleto